| 000 | 00398nam a2200193Ia 4500 | ||
|---|---|---|---|
| 001 | 11576 | ||
| 003 | GE_BSU | ||
| 008 | 181216s||||||||xx |||||||||||||| ||und|| | ||
| 020 | _a0316724246 | ||
| 040 | _cGE_BSU | ||
| 100 | _aCornwell,Patricia | ||
| 245 | _aPredator | ||
| 260 | _aLondon | ||
| 260 | _bLittle,Brown | ||
| 260 | _c2005 | ||
| 300 | _a374p;24cm. | ||
| 653 | _aPredator | ||
| 942 | _cBK | ||
| 999 |
_c44771 _d44771 |
||